| 000 | 00672nam a2200229 a 4500 | ||
|---|---|---|---|
| 999 |
_c3060 _d3060 |
||
| 001 | 3060 | ||
| 003 | BD-JhCC | ||
| 005 | 20171109185327.0 | ||
| 008 | 171109s1999 bg |||| ||a| 000 0 ben d | ||
| 020 | _a984073864X | ||
| 035 | _a(BD-JhCC)3060 | ||
| 040 |
_aBD-JhCC _dBD-JhCC |
||
| 041 | _aben | ||
| 082 |
_a891.442 _bMAT 1999 |
||
| 245 |
_aনীল পাখি / _cআতোয়ার রহমান সম্পাদনা |
||
| 260 |
_aঢাকা : _bবাংলা একাডেমী, _c১৯৯৯. |
||
| 300 |
_a121 p. : _c21 cm. |
||
| 650 | _aBengali Drama | ||
| 700 | _aরহমান, আতোয়ার | ||
| 942 |
_2ddc _cBK |
||